[Event "Mitropa Online Cup Open 2021"]
[Site "Hybrid"]
[Date "2021.05.04"]
[Round "7.1"]
[White "Krastev, Alexander"]
[Black "Lodici, Lorenzo"]
[Result "1/2-1/2"]
[WhiteElo "2367"]
[BlackElo "2483"]
[Annotator "TA"]
[PlyCount "154"]
[EventDate "2021.05.04"]
[EventType "team-tourn"]
[EventCountry "NET"]
[SourceTitle "playchess.com"]
[Source "ChessBase"]
[SourceQuality "1"]
[WhiteTeam "Germany"]
[BlackTeam "Italy"]
[WhiteTeamCountry "GER"]
[BlackTeamCountry "ITA"]

{[%evp 15,154,0,0,0,5,8,12,0,0,0,0,0,0,0,0,-20,-15,-14,-24,-37,-39,-38,-37,-29,-30,-37,-38,-59,0,-1,0,-35,-39,-40,-43,-50,-57,-60,-61,-79,-75,-70,-79,-60,-63,-85,-74,-89,-82,-76,-67,-57,-40,-41,-40,-40,-40,-40,-41,-65,-48,-47,-60,-46,-46,-35,-50,-89,-37,-161,-34,-39,-7,-8,-13,-37,-24,-42,0,0,0,0,0,0,0,0,0,0,0,-8,0,0,0,0,0,0,0,0,0,0,0,0,0,0,0,0,0,0,0,0,0,0,0,0,0,0,17,18,136,25,54,33,33,33,40,47,54,54,55,55,88,0,0,0,0,0,0,0,0,0,0]} 1. e4 e5 2. Bc4 Nf6 3. Nc3 Nc6 4. d3 Bb4 5. Nge2 d5 6. exd5 Nxd5 7. O-O Be6 8. Bxd5 Bxd5 9. f4 {C28: Vienna Game: 2...Nf6 3 Bc4 Nc6.} f6 10. fxe5 Nxe5 11. Nxd5 Qxd5 12. c3 {Black must now prevent Qa4+.} Bd6 13. Nf4 Qf7 14. d4 O-O-O 15. Qa4 {[#]} a6 $1 16. Qb3 {[#]} Nc4 $146 ({Predecessor:} 16... Qxb3 17. axb3 Ng6 18. Nxg6 hxg6 19. Bf4 Bxf4 20. Rxf4 Rde8 21. h3 g5 22. Rf5 Re2 {½-½ (34) Adhiban,B (2653)-Giri,A (2773) Wijk aan Zee 2017}) 17. Qd1 Bxf4 18. Qg4+ Rd7 19. Qxf4 Re8 20. b3 Nd6 21. Ba3 Re4 (21... Ne4 $15 22. Bb2 Kb8) 22. Qg3 $11 f5 23. Rae1 Rxe1 $1 24. Rxe1 Ne4 25. Qf3 Qd5 26. Bb2 g6 27. Qd1 Qa5 28. Qc2 Kb8 (28... Qxa2 $2 29. Ra1 $18) 29. Rd1 c5 ({Avoid the trap} 29... Qxa2 $2 30. Ra1 $18) 30. a4 cxd4 31. cxd4 Rc7 32. Qd3 Qd5 33. Rc1 Rxc1+ 34. Bxc1 Kc7 35. Bf4+ Kd7 36. h3 Qc6 37. Kh2 Qc3 38. Qd1 Ke6 39. d5+ Kd7 40. d6 Nf6 41. Kh1 {[#]} h5 (41... Qb4 $1 $17 {[%cal Rb4f4]} 42. Be5 Ne4) 42. b4 (42. Kh2 $15) 42... Qc4 (42... Qxb4 $19 43. Bh2 Ne4) 43. Qa1 $1 $15 Qxf4 (43... Ne8 $5 {[%cal Rc4f4]} 44. Bd2 (44. Qe5 Qe4 $17) 44... Qe6 $11) 44. Qxf6 {Hoping for Qe7+.} Qxd6 {[%mdl 4096] Endgame KQ-KQ} 45. Qf7+ Kc6 46. a5 Qg3 47. Qe6+ (47. Qc4+ {with more complications.} Kd7 48. Qf7+ Kc8 49. Qf8+ Kd7 50. Qf7+) 47... Kc7 48. Qe7+ Kb8 (48... Kc8 {seems wilder.} 49. Qc5+ Kd8 50. Qb6+ Kc8 51. Qc5+) 49. Qd8+ Ka7 50. Qb6+ Ka8 51. Qd8+ Qb8 52. Qd7 f4 53. Qd4 Qf8 54. Kg1 g5 55. Kf2 Qe8 56. Kf1 Qf8 57. Kf2 Qc8 58. Kg1 h4 59. Kf2 Qc2+ 60. Kf1 Qc7 (60... Kb8 {looks sharper.} 61. Qd8+ Qc8 62. Qxg5 Qc1+ 63. Kf2 Qe3+) 61. Kf2 Qe7 62. Kf3 Kb8 63. Kg4 Qe2+ 64. Kf5 Qc2+ 65. Qe4 Qc8+ (65... Qd2 {keeps more tension.} 66. Qe5+ Ka8 67. Qe4 Ka7 68. Kg4 Qd8) 66. Kxg5 Qg8+ (66... Qd8+ $11 67. Kg4 (67. Kxf4 Qg8 $16) 67... Ka8) 67. Kxf4 ({White must play} 67. Kxh4 $16 Qg3+ 68. Kh5) 67... Kc7 68. Kf3 Qg3+ 69. Ke2 Qg5 70. Kd3 Qg3+ 71. Kc4 Qg5 72. Kd4 {Threatens to win with Qe5+.} Kd6 73. Qxb7 (73. Kd3 $16) 73... Qd2+ $11 {The position is equal.} 74. Kc4 Qc2+ 75. Kd4 Qd2+ 76. Kc4 Qc2+ 77. Kd4 Qd2+ {Weighted Error Value: White=0.09/Black=0.09} 1/2-1/2

[Event "Mitropa Online Cup Open 2021"]
[Site "Hybrid"]
[Date "2021.05.04"]
[Round "7.2"]
[White "Lagarde, Maxime"]
[Black "Markoja, Boris"]
[Result "1-0"]
[WhiteElo "2638"]
[BlackElo "2442"]
[Annotator "TA"]
[PlyCount "83"]
[EventDate "2021.05.04"]
[EventType "team-tourn"]
[EventCountry "NET"]
[SourceTitle "playchess.com"]
[Source "ChessBase"]
[SourceQuality "1"]
[WhiteTeam "France"]
[BlackTeam "Slovenia"]
[WhiteTeamCountry "FRA"]
[BlackTeamCountry "SLO"]

{[%evp 20,83,37,24,36,27,29,33,40,25,51,0,91,90,111,102,59,107,95,88,104,106,89,18,298,258,252,258,259,258,240,244,252,193,200,227,286,235,285,34,193,159,701,673,770,624,620,613,611,581,537,413,451,235,1131,1082,954,895,29949,29948,29943,6520,6115,5193,5650,5314]} 1. e4 e6 2. d4 d5 3. Nc3 Bb4 4. e5 c5 5. a3 Bxc3+ 6. bxc3 Ne7 7. Qg4 Qc7 8. Qxg7 Rg8 9. Qxh7 cxd4 10. Ne2 Nbc6 11. f4 (11. Nxd4 $2 Nxd4 12. Qd3 Qxe5+ 13. Kd1 Ndf5 $19) 11... dxc3 {C18: French: 3 Nc3 Bb4: Main line: 7 h4 and 7 Qg4.} 12. h4 Bd7 13. h5 O-O-O {aiming for ...Nf5.White is slightly better.} 14. Qd3 (14. Qxf7 $2 Rdf8 $19) 14... d4 15. Rb1 (15. Nxd4 Nxd4 16. Qxd4 Bb5 $17) (15. h6 $14) 15... Nf5 (15... Be8 $11) 16. Rg1 $1 $16 f6 {[#]} 17. g4 $1 {[%cal Rg4f5]} (17. exf6 $6 e5 $11) 17... Nh6 18. Nxd4 $5 {[%mdl 4] Exploring less charted territory.} Nxd4 19. Qxd4 {[#]} Bb5 $146 ({Predecessor:} 19... Nxg4 20. Qxa7 Bc6 21. Bh3 Qd7 22. Qa8+ Kc7 23. Qa5+ Kb8 24. Ke2 Qd4 25. Bxg4 Qxg1 26. Be3 Qxg4+ {0-1 (26) Anderson,J (2209)-Williams,P (2012) Hastings 2009}) 20. Qxa7 Bxf1 {[#]} 21. Rxf1 ({White should try} 21. Rg3 $1 $16 {Strongly threatening Rxb7!} Ba6 22. Rb3) 21... Nxg4 $2 {[%mdl 8192]} (21... Qc6 $1 $11) 22. Rb5 {Black must now prevent Rc5.} Rd5 23. Rxd5 exd5 24. Qa8+ Qb8 25. Qa5 Nxe5 26. Qxc3+ (26. fxe5 {is a self mate.} Qxe5+ 27. Kd1 Qd4+ 28. Ke2 Rg2+ 29. Ke1 Qe5+ 30. Be3 Qxe3+ 31. Kd1 Qd2#) 26... Nc4 27. Qxf6 Kd7 {...Qe8+ is the strong threat.} 28. Qf7+ Kc6 29. h6 $2 ({White should play} 29. Kd1 $18) 29... Qd8 $2 (29... Nd6 $1 $14 30. Qh5 Rg2) 30. Kd1 $18 Rg2 $2 (30... Nd6 $16 31. Qe6 Re8) 31. Qe6+ Kb5 32. Qh3 Rg8 33. h7 Rh8 {If Black can now play ...Qe7 this consolidates a bit.} 34. Rh1 Qf6 35. Qd3 Kc6 36. Rg1 (36. Ke2 $142) 36... Qa1 $2 (36... Kc7 37. Rg5 Qa1) 37. Ke2 ({Not} 37. Rg6+ Kc7 $11) 37... Re8+ 38. Kf2 Re6 {[#]} 39. Rg5 $1 Rd6 {[#]} 40. Rxd5 $3 {[%mdl 576] Remove Defender} Rxd5 41. Qxc4+ Kd6 42. Qb4+ {Weighted Error Value: White=0.36/Black=0.41} ({Weaker is} 42. c3 Qxc1 43. h8=Q Rd2+ 44. Qe2 Rxe2+ 45. Kxe2 Qc2+ 46. Ke3 Qc1+ 47. Ke2 Ke6 $18) 1-0

[Event "Mitropa Online Cup Open 2021"]
[Site "Hybrid"]
[Date "2021.05.04"]
[Round "7.3"]
[White "Dragnev, Valentin"]
[Black "Rogic, Davor"]
[Result "1-0"]
[WhiteElo "2559"]
[BlackElo "2492"]
[Annotator "ChessBase"]
[PlyCount "79"]
[EventDate "2021.05.04"]
[EventType "team-tourn"]
[EventCountry "NET"]
[SourceTitle "playchess.com"]
[Source "ChessBase"]
[SourceQuality "1"]
[WhiteTeam "Austria"]
[BlackTeam "Croatia"]
[WhiteTeamCountry "AUT"]
[BlackTeamCountry "CRO"]
[TimeControl "40/5400+30:1800+30"]

1. e4 {[%emt 0:00:00]} e5 {[%emt 0:00:10]} 2. Nf3 {[%emt 0:00:06]} Nc6 {[%emt 0:00:21]} 3. Bb5 {[%emt 0:00:19]} a6 {[%emt 0:00:24]} 4. Ba4 {[%emt 0:00:06]} Nf6 {[%emt 0:00:09]} 5. O-O {[%emt 0:00:10]} Be7 {[%emt 0:00:16]} 6. Re1 {[%emt 0:00:09]} b5 {[%emt 0:00:14]} 7. Bb3 {[%emt 0:00:06]} d6 {[%emt 0:00:18]} 8. c3 {[%emt 0:00:13]} O-O {[%emt 0:00:19]} 9. h3 {[%emt 0:00:09]} Na5 {[%emt 0:00:18]} 10. Bc2 {[%emt 0:00:06]} c5 {[%emt 0:00:06]} 11. d4 {[%emt 0:00:15]} Qc7 {[%emt 0:00:06]} 12. d5 {[%emt 0:00:08]} Nc4 {[%emt 0:01:31]} 13. b3 {[%emt 0:00:10]} Nb6 {[%emt 0:00:07]} 14. a4 {[%emt 0:00:08]} Bd7 {[%emt 0:03:45]} 15. Qe2 {[%emt 0:00:13]} Rab8 {[%emt 0:03:46]} 16. a5 {[%emt 0:00:53]} Nc8 {[%emt 0:00:48]} 17. Nbd2 {[%emt 0:01:26]} Ne8 {[%emt 0:02:30]} 18. Nf1 {[%emt 0:05:14]} Bd8 {[%emt 0:02:19]} 19. Ng3 {[%emt 0:06:46]} g6 {[%emt 0:03:42]} 20. Rf1 {[%emt 0:07:02]} Ng7 {[%emt 0:02:06]} 21. Nh2 {[%emt 0:00:50]} h5 {[%emt 0:22:24]} 22. Qd2 {[%emt 0:25:50]} c4 {[%emt 0:14:27]} 23. b4 {[%emt 0:01:40]} f5 {[%emt 0:03:16]} 24. Qh6 {[%emt 0:25:08]} f4 {[%emt 0:03:52]} 25. Nf3 {[%emt 0:01:03]} Be8 {[%emt 0:09:40]} 26. Ne2 {[%emt 0:01:30]} Bf6 {[%emt 0:05:41]} 27. Ng5 {[%emt 0:03:48]} Bxg5 {[%emt 0:01:46]} 28. Qxg5 {[%emt 0:00:46]} f3 {[%emt 0:06:47]} 29. gxf3 {[%emt 0:01:42]} Rxf3 {[%emt 0:00:10]} 30. Kg2 {[%emt 0:00:32]} Qf7 {[%emt 0:01:02]} 31. Be3 {[%emt 0:00:53]} Ne7 {[%emt 0:04:05]} 32. Ng1 {[%emt 0:01:20]} Rf6 {[%emt 0:00:11]} 33. f4 {[%emt 0:04:24]} Nxd5 {[%emt 0:06:13]} 34. exd5 {[%emt 0:00:54]} Nf5 {[%emt 0:00:08]} 35. fxe5 {[%emt 0:04:55]} Qxd5+ {[%emt 0:00:29]} 36. Nf3 {[%emt 0:00:38]} dxe5 {[%emt 0:01:45]} 37. Qxf6 {[%emt 0:02:21]} Nxe3+ {[%emt 0:00:27]} 38. Kh2 {[%emt 0:00:40]} Nxc2 {[%emt 0:02:05]} 39. Ng5 {[%emt 0:02:03]} Bf7 {[%emt 0:01:16]} 40. Rad1 {[%emt 0:00:00]} 1-0

[Event "Mitropa Online Cup Open 2021"]
[Site "Hybrid"]
[Date "2021.05.04"]
[Round "7.3"]
[White "Froewis, Georg"]
[Black "Zelcic, Robert"]
[Result "0-1"]
[WhiteElo "2460"]
[BlackElo "2539"]
[Annotator "ChessBase"]
[PlyCount "114"]
[EventDate "2021.05.04"]
[EventType "team-tourn"]
[EventCountry "NET"]
[SourceTitle "playchess.com"]
[Source "ChessBase"]
[SourceQuality "1"]
[WhiteTeam "Austria"]
[BlackTeam "Croatia"]
[WhiteTeamCountry "AUT"]
[BlackTeamCountry "CRO"]
[TimeControl "40/5400+30:1800+30"]

1. Nf3 {[%emt 0:00:00]} Nf6 {[%emt 0:00:07]} 2. c4 {[%emt 0:00:04]} e6 {[%emt 0:00:22]} 3. b3 {[%emt 0:00:03]} d5 {[%emt 0:01:58]} 4. Bb2 {[%emt 0:00:05]} Be7 {[%emt 0:00:09]} 5. g3 {[%emt 0:01:06]} O-O {[%emt 0:06:35]} 6. Bg2 {[%emt 0:00:09]} a5 {[%emt 0:02:04]} 7. O-O {[%emt 0:03:29]} a4 {[%emt 0:00:12]} 8. Qc2 {[%emt 0:05:06]} Nc6 {[%emt 0:03:32]} 9. d4 {[%emt 0:08:44]} Ne4 {[%emt 0:09:04]} 10. Nbd2 {[%emt 0:04:30]} a3 {[%emt 0:14:32]} 11. Bc3 {[%emt 0:00:11]} Nxc3 {[%emt 0:02:16]} 12. Qxc3 {[%emt 0:00:08]} Bb4 {[%emt 0:00:50]} 13. Qd3 {[%emt 0:01:45]} b6 {[%emt 0:03:05]} 14. Rfd1 {[%emt 0:01:30]} Ba6 {[%emt 0:09:10]} 15. Rac1 {[%emt 0:01:01]} Be7 {[%emt 0:05:56]} 16. Qb1 {[%emt 0:01:00]} Nb4 {[%emt 0:00:06]} 17. Nf1 {[%emt 0:06:36]} Rc8 {[%emt 0:05:41]} 18. Ne3 {[%emt 0:02:18]} c5 {[%emt 0:00:14]} 19. dxc5 {[%emt 0:05:44]} Bxc5 {[%emt 0:00:57]} 20. Nc2 {[%emt 0:02:19]} Qf6 {[%emt 0:06:22]} 21. Nxa3 {[%emt 0:08:45]} e5 {[%emt 0:00:08]} 22. Qb2 {[%emt 0:10:41]} e4 {[%emt 0:04:36]} 23. Nd4 {[%emt 0:02:05]} Nd3 {[%emt 0:03:47]} 24. Rxd3 {[%emt 0:00:07]} exd3 {[%emt 0:00:04]} 25. e3 {[%emt 0:00:03]} dxc4 {[%emt 0:00:23]} 26. bxc4 {[%emt 0:00:47]} Rfe8 {[%emt 0:03:39]} 27. Bf1 {[%emt 0:05:28]} Rcd8 {[%emt 0:01:33]} 28. Rd1 {[%emt 0:03:24]} Bxd4 {[%emt 0:02:08]} 29. exd4 {[%emt 0:00:04]} Qxd4 {[%emt 0:02:58]} 30. Qxd4 {[%emt 0:00:27]} Rxd4 {[%emt 0:00:07]} 31. Rxd3 {[%emt 0:00:06]} Rxd3 {[%emt 0:00:07]} 32. Bxd3 {[%emt 0:00:03]} Re1+ {[%emt 0:01:09]} 33. Kg2 {[%emt 0:01:38]} Bb7+ {[%emt 0:00:13]} 34. Kh3 {[%emt 0:00:09]} Rd1 {[%emt 0:01:05]} 35. Bc2 {[%emt 0:02:48]} Rd2 {[%emt 0:00:07]} 36. f4 {[%emt 0:00:27]} Bc8+ {[%emt 0:00:10]} 37. g4 {[%emt 0:00:04]} Re2 {[%emt 0:04:01]} 38. Kh4 {[%emt 0:03:04]} Rxh2+ {[%emt 0:03:30]} 39. Kg3 {[%emt 0:00:06]} Rh1 {[%emt 0:00:10]} 40. f5 {[%emt 0:00:00]} Bb7 {[%emt 0:00:00]} 41. Nb5 {[%emt 0:00:41]} Rf1 {[%emt 0:05:10]} 42. Nd6 {[%emt 0:00:51]} Rf3+ {[%emt 0:00:24]} 43. Kh4 {[%emt 0:00:05]} Rc3 {[%emt 0:02:24]} 44. Bb3 {[%emt 0:00:21]} Bg2 {[%emt 0:02:14]} 45. g5 {[%emt 0:00:05]} Kf8 {[%emt 0:02:52]} 46. Kg4 {[%emt 0:03:00]} Bc6 {[%emt 0:00:44]} 47. Nc8 {[%emt 0:02:09]} b5 {[%emt 0:01:07]} 48. cxb5 {[%emt 0:00:15]} Bxb5 {[%emt 0:00:35]} 49. Nd6 {[%emt 0:00:06]} Be2+ {[%emt 0:00:34]} 50. Kh4 {[%emt 0:01:38]} f6 {[%emt 0:03:32]} 51. gxf6 {[%emt 0:00:06]} gxf6 {[%emt 0:00:05]} 52. Ne4 {[%emt 0:00:08]} Rc6 {[%emt 0:00:06]} 53. Kg3 {[%emt 0:02:05]} Ke7 {[%emt 0:02:26]} 54. Bd5 {[%emt 0:00:25]} Rc7 {[%emt 0:01:00]} 55. a4 {[%emt 0:02:38]} Bd1 {[%emt 0:00:58]} 56. a5 {[%emt 0:00:47]} Ra7 {[%emt 0:00:07]} 57. Nc3 {[%emt 0:01:34]} Rxa5 {[%emt 0:00:27]} 0-1

[Event "Mitropa Online Cup Open 2021"]
[Site "Hybrid"]
[Date "2021.05.04"]
[Round "7.3"]
[White "Kovacevic, Blazimir"]
[Black "Blohberger, Felix"]
[Result "0-1"]
[WhiteElo "2410"]
[BlackElo "2463"]
[Annotator "ChessBase"]
[PlyCount "94"]
[EventDate "2021.05.04"]
[EventType "team-tourn"]
[EventCountry "NET"]
[SourceTitle "playchess.com"]
[Source "ChessBase"]
[SourceQuality "1"]
[WhiteTeam "Croatia"]
[BlackTeam "Austria"]
[WhiteTeamCountry "CRO"]
[BlackTeamCountry "AUT"]
[TimeControl "40/5400+30:1800+30"]

1. c4 {[%emt 0:00:00]} c5 {[%emt 0:00:55]} 2. Nf3 {[%emt 0:00:25]} Nf6 {[%emt 0:00:36]} 3. Nc3 {[%emt 0:00:08]} e6 {[%emt 0:00:54]} 4. g3 {[%emt 0:01:04]} d5 {[%emt 0:01:25]} 5. cxd5 {[%emt 0:00:18]} exd5 {[%emt 0:01:08]} 6. d4 {[%emt 0:00:21]} Nc6 {[%emt 0:00:16]} 7. Bg2 {[%emt 0:00:13]} cxd4 {[%emt 0:00:09]} 8. Nxd4 {[%emt 0:00:11]} Bc5 {[%emt 0:00:09]} 9. Nb3 {[%emt 0:07:10]} Bb6 {[%emt 0:00:07]} 10. O-O {[%emt 0:00:11]} d4 {[%emt 0:00:11]} 11. Na4 {[%emt 0:03:34]} O-O {[%emt 0:00:06]} 12. Nxb6 {[%emt 0:16:50]} axb6 {[%emt 0:00:09]} 13. Bg5 {[%emt 0:11:29]} Re8 {[%emt 0:00:06]} 14. e3 {[%emt 0:01:41]} d3 {[%emt 0:00:10]} 15. Bxf6 {[%emt 0:05:06]} gxf6 {[%emt 0:00:09]} 16. Qd2 {[%emt 0:08:53]} Bf5 {[%emt 0:09:58]} 17. Rfd1 {[%emt 0:04:59]} Qd6 {[%emt 0:07:57]} 18. f3 {[%emt 0:06:36]} Red8 {[%emt 0:10:54]} 19. Bf1 {[%emt 0:06:28]} Be6 {[%emt 0:06:56]} 20. Bxd3 {[%emt 0:01:56]} Bxb3 {[%emt 0:03:55]} 21. Bxh7+ {[%emt 0:00:10]} Kxh7 {[%emt 0:00:07]} 22. Qxd6 {[%emt 0:00:02]} Rxd6 {[%emt 0:00:08]} 23. Rxd6 {[%emt 0:00:03]} Be6 {[%emt 0:05:10]} 24. a3 {[%emt 0:02:03]} Kg7 {[%emt 0:08:23]} 25. e4 {[%emt 0:01:11]} Kf8 {[%emt 0:01:13]} 26. Kf2 {[%emt 0:02:54]} Ke7 {[%emt 0:03:26]} 27. Rd2 {[%emt 0:03:02]} Na5 {[%emt 0:01:57]} 28. Rc1 {[%emt 0:01:58]} Nc4 {[%emt 0:00:54]} 29. Rdc2 {[%emt 0:01:35]} b5 {[%emt 0:06:06]} 30. g4 {[%emt 0:00:38]} Rd8 {[%emt 0:02:29]} 31. a4 {[%emt 0:05:28]} Ne5 {[%emt 0:01:35]} 32. Ra1 {[%emt 0:01:21]} bxa4 {[%emt 0:02:42]} 33. Rc7+ {[%emt 0:00:13]} Rd7 {[%emt 0:00:17]} 34. Rxd7+ {[%emt 0:01:04]} Bxd7 {[%emt 0:00:08]} 35. Rb1 {[%emt 0:00:58]} b5 {[%emt 0:00:49]} 36. h4 {[%emt 0:00:07]} b4 {[%emt 0:05:14]} 37. Ke3 {[%emt 0:01:50]} Be6 {[%emt 0:02:02]} 38. f4 {[%emt 0:01:26]} Nxg4+ {[%emt 0:01:46]} 39. Kd4 {[%emt 0:00:04]} f5 {[%emt 0:02:41]} 40. e5 {[%emt 0:00:00]} Kf8 {[%emt 0:00:00]} 41. Kc5 {[%emt 0:08:53]} a3 {[%emt 0:06:10]} 42. bxa3 {[%emt 0:04:07]} bxa3 {[%emt 0:00:08]} 43. Rb8+ {[%emt 0:00:23]} Kg7 {[%emt 0:00:12]} 44. Ra8 {[%emt 0:00:02]} a2 {[%emt 0:00:07]} 45. Kd4 {[%emt 0:00:04]} Kg6 {[%emt 0:02:12]} 46. Kc3 {[%emt 0:03:32]} Ne3 {[%emt 0:00:45]} 47. Kb2 {[%emt 0:01:16]} Kh7 {[%emt 0:00:19]} 0-1

[Event "Mitropa Online Cup Open 2021"]
[Site "Hybrid"]
[Date "2021.05.04"]
[Round "7.3"]
[White "Tica, Sven"]
[Black "Schwabeneder, Florian"]
[Result "1/2-1/2"]
[WhiteElo "2396"]
[BlackElo "2443"]
[Annotator "NA"]
[PlyCount "63"]
[EventDate "2021.05.04"]
[EventType "team-tourn"]
[EventCountry "NET"]
[SourceTitle "playchess.com"]
[Source "ChessBase"]
[SourceQuality "1"]
[WhiteTeam "Croatia"]
[BlackTeam "Austria"]
[WhiteTeamCountry "CRO"]
[BlackTeamCountry "AUT"]
[TimeControl "40/5400+30:1800+30"]

1. d4 {[%emt 0:00:00]} Nf6 {[%emt 0:00:14]} 2. c4 {[%emt 0:00:04]} c5 {[%emt 0:00:14]} 3. d5 {[%emt 0:00:08]} g6 {[%emt 0:00:15]} 4. Nc3 {[%emt 0:00:05]} Bg7 {[%emt 0:00:33]} 5. g3 {[%emt 0:00:21]} O-O {[%emt 0:00:14]} 6. Bg2 {[%emt 0:00:02]} d6 {[%emt 0:00:04]} 7. Nf3 {[%emt 0:00:59]} e5 {[%emt 0:00:26]} 8. O-O {[%emt 0:06:20]} Na6 {[%emt 0:00:28]} 9. Ne1 {[%emt 0:02:53]} Nc7 {[%emt 0:09:30]} 10. Nd3 {[%emt 0:13:42]} Ng4 {[%emt 0:06:09]} 11. f3 {[%emt 0:11:41]} Nh6 {[%emt 0:01:00]} 12. e4 {[%emt 0:01:51]} f5 {[%emt 0:00:59]} 13. Be3 {[%emt 0:01:58]} Bd7 {[%emt 0:23:12]} 14. a4 {[%emt 0:05:56]} b6 {[%emt 0:07:56]} 15. Qd2 {[%emt 0:04:48]} Nf7 {[%emt 0:00:07]} 16. b4 {[%emt 0:02:47]} h5 {[%emt 0:10:57]} 17. a5 {[%emt 0:09:04]} h4 {[%emt 0:02:38]} 18. axb6 {[%emt 0:06:45]} axb6 {[%emt 0:00:05]} 19. Rxa8 {[%emt 0:00:20]} Qxa8 {[%emt 0:00:58]} 20. Bh3 {[%emt 0:00:25]} hxg3 {[%emt 0:08:58]} 21. hxg3 {[%emt 0:00:56]} Qa3 {[%emt 0:05:31]} 22. Rb1 {[%emt 0:06:28]} f4 {[%emt 0:04:41]} 23. Bxd7 {[%emt 0:03:59]} fxe3 {[%emt 0:00:05]} 24. Qb2 {[%emt 0:05:36]} Qxb2 {[%emt 0:02:33]} 25. Rxb2 {[%emt 0:00:10]} Ng5 {[%emt 0:00:06]} 26. Bg4 {[%emt 0:00:32]} Nxf3+ {[%emt 0:01:51]} 27. Bxf3 {[%emt 0:00:32]} Rxf3 {[%emt 0:00:04]} 28. Kg2 {[%emt 0:00:05]} Rf8 {[%emt 0:02:00]} 29. b5 {[%emt 0:06:51]} Ra8 {[%emt 0:04:20]} 30. Ra2 {[%emt 0:00:11]} Rxa2+ {[%emt 0:00:30]} 31. Nxa2 {[%emt 0:00:09]} Ne8 {[%emt 0:01:38]} 32. Kf3 {[%emt 0:00:44]} 1/2-1/2

[Event "Mitropa Online Cup Open 2021"]
[Site "Hybrid"]
[Date "2021.05.04"]
[Round "7.4"]
[White "Hera, Imre Jr."]
[Black "Bogner, Sebastian"]
[Result "1/2-1/2"]
[WhiteElo "2610"]
[BlackElo "2577"]
[Annotator "TA"]
[PlyCount "137"]
[EventDate "2021.05.04"]
[EventType "team-tourn"]
[EventCountry "NET"]
[SourceTitle "playchess.com"]
[Source "ChessBase"]
[SourceQuality "1"]
[WhiteTeam "Hungary"]
[BlackTeam "Switzerland"]
[WhiteTeamCountry "HUN"]
[BlackTeamCountry "SUI"]

{[%evp 14,137,18,-5,-3,-6,0,0,0,0,13,-27,-12,-28,-16,-54,0,-43,-29,-49,-61,-55,-66,-69,-9,-6,0,0,14,10,7,6,34,37,34,33,45,25,34,33,16,22,6,10,50,43,56,14,30,14,14,14,14,14,14,14,14,14,14,14,14,14,38,38,36,35,100,100,100,100,100,100,100,100,112,8,8,8,8,8,8,8,8,8,8,8,8,8,8,8,8,8,8,8,8,8,8,42,64,8,8,8,8,8,8,8,8,8,8,8,8,8,8,0,8,0,8,8,8,8,8,8,8,8,8,8]} 1. Nf3 d5 2. g3 Nd7 3. Bg2 e5 4. d3 Ngf6 5. O-O Bd6 6. Nbd2 O-O 7. e4 c6 8. b3 a5 {B10: Caro-Kann: 2 d3 and 2 c4.} 9. a4 Re8 10. Bb2 h6 11. Re1 Qc7 {[#]} 12. Qe2 $146 ({Predecessor:} 12. h3 dxe4 13. dxe4 Bb4 14. Re3 Nf8 15. Nh4 Bc5 16. Rd3 b6 17. Nf5 Ba6 18. c4 {0-1 (90) Osinovsky,S (2241)-Blohberger,F (2469) Chess.com INT 2020}) 12... b6 13. Nh4 Bb7 14. Rad1 b5 (14... Rad8 $15) 15. exd5 cxd5 16. axb5 Qxc2 17. Nc4 Qxe2 18. Rxe2 Bc7 (18... dxc4 $15 19. Bxb7 cxb3) 19. b6 $11 Nxb6 20. Nxe5 Nfd7 21. d4 a4 22. bxa4 Nxa4 23. Ba1 Nf6 24. Rc2 Bd6 25. Nf5 Bf8 26. Rc7 Bc8 27. Ne3 Be6 28. f4 g6 29. g4 Bd6 30. Rc6 (30. Rcc1 {looks sharper.} Ra5 31. Rc6 Rd8 32. Bf3 Rb5 33. Rf1) 30... Bxe5 31. dxe5 Nxg4 32. Nxd5 Bxd5 33. Bxd5 Ne3 34. Rxg6+ Kh7 35. Bxa8 Rxa8 36. Rgd6 Nxd1 37. Rxd1 {[%mdl 4096] Endgame KRB-KRN} Nc5 38. f5 Rg8+ 39. Kh1 {Hoping for Rg1.} Rg5 {[#]} (39... Ne4 $14 40. Rf1 Rg4) 40. Rf1 $1 $16 {Strongly threatening Bd4.} Rg4 {[#]} 41. Rg1 $1 {[%cal Rg1g4]} h5 42. Rxg4 hxg4 {KB-KN} 43. Bd4 Ne4 44. Be3 (44. Kg2 $16) 44... Kg7 $11 45. Bf4 Kf8 $1 46. Kg2 Ke7 47. Kf1 {Ke2 is the strong threat.} Kd7 $1 48. Ke2 Kc6 49. Kd3 (49. Ke1 {is more complex.} Kd5 50. Kf1 Kc6 51. Kg1 Kd5 52. Kg2) 49... Kd5 50. Ke3 Nc5 51. Bg3 {And now Kf4 would win.} Nd7 52. Kf4 Nxe5 53. Kg5 Nd7 54. Kxg4 {Black must now prevent Kg5.} Ke4 $1 55. Kg5 Nf8 $1 56. Kf6 (56. Bh4 $1 $14) 56... Nh7+ $1 {The position is equal.} 57. Kg7 Ng5 58. f6 Kf5 $1 59. Bf2 {Threatens to win with h4.} Ne4 60. Bd4 Ke6 61. Bb2 Nd6 62. Kh6 Kf5 63. Kg7 Ke6 64. Kh6 (64. h3 {keeps more tension.} Ne8+ 65. Kh6 Kf5 66. h4 Nd6 67. Kg7) 64... Kf5 65. h4 Kg4 66. Kg7 Kxh4 67. Be5 Ne8+ 68. Kxf7 Nxf6 $1 69. Bxf6+ {Weighted Error Value: White=0.09/Black=0.08} 1/2-1/2